000 00390nam a2200157Ia 4500
008 210716s2008 xx 000 0 und d
020 _a9788174466235
041 _aeng
082 _a658.8 RAJM
100 _aRaju, M S;Rao, J V Prabhakara.
245 _aFundamentals of marketing.
250 _a1
260 _aNew Delhi
_bExcel Books
_c2008
300 _axiv,174
650 _aMarketing
999 _c205452
_d205452